000 00452nam a2200181Ia 4500
001 22384
005 20260414150827.0
008 260414t2008||||xx |||||||||||||| ||spa||
041 _aESP
082 _a621.38
_bT864
100 _aTokheim, Roger L.
_eAUT
245 0 _aElectrónica digital :
_bprincipios y aplicaciones
260 _c2008
300 _axiii, 534 páginas :
_c27 cm.
650 _aTCA
654 _aCET
942 _cLIB
_dJUS
_fJUS
_2ddc
_n
999 _c22384
_d22384